• 首页
  • 本馆介绍
  • 公告通知
  • 最新文献
  • 馆藏检索
  • 电子资源
  • 读者导购
  • 参考咨询
  • 我的图书馆
  • 登录
  • 详细信息显示
  • 放入我的书架
  • 预约/预借图书
  • 作者相关作品
  • 分类相关作品
  • 丛书相关作品
  • 出版社相关作品

书目信息

  • 表格格式
  • 工作单格式
  • 卡片格式
题名:
人体生理学实验指导
    
 
作者: 洪泰田 主编
分册:  
出版信息: 北京   高等教育出版社  1997
页数: 204页
开本: 20cm
丛书名:
单 册:
中图分类: R33-33
科图分类:
主题词: 人体生理学--实验--高等学校--教材
电子资源:
ISBN: 7-04-005532-5
000 00658nam0 2200217 45
001 0198012852
005 20060929150625.35
010    @a7-04-005532-5@dCNY8.90
100    @a19980226d1997 em y0chiy0121 ea
101 0  @achi
102    @aCN@b110000
105    @ay z 000yy
200 10 @a人体生理学实验指导@Aren ti sheng li xue shi yan zhi dao@f洪泰田主编@Fhong tai tian zhu bian@g汤长发等编著
210    @a北京@c高等教育出版社@d1997
215    @a204页@d20cm
300    @a高等学校教材
606    @a人体生理学@x实验@x高等学校@x教材
690    @aR33-33@v4
701  0 @a洪泰田@Ahong tai tian@4主编
801  0 @aCN@bTSSF@c20060929
905    @a10447@dR33-33@e89
    
    人体生理学实验指导/洪泰田主编/汤长发等编著.-北京:高等教育出版社,1997
    204页;20cm
    高等学校教材
    
    ISBN 7-04-005532-5:CNY8.90
    
●
相关链接 在E读中查询图书 在五车中查询图书 在当当中查询图书 在豆瓣中查询图书


正题名:人体生理学实验指导     索取号:R33-33/89         预约/预借

序号 登录号 条形码 馆藏地/架位号 状态 备注
1 0349431   203494316   第二样本阅览室/ [索取号:R33-33/89] 在馆    
2 0349432   203494325   第三借阅区/ [索取号:R33-33/89] 在馆    
3 0349433   203494334   第三借阅区/ [索取号:R33-33/89] 在馆    
4 0349434   203494343   第三借阅区/ [索取号:R33-33/89] 在馆    
5 0349435   203494352   第三借阅区/ [索取号:R33-33/89] 在馆    
6 0484000   204840002   密集书库/ [索取号:R33-33/89] 在馆    
7 0484001   204840011   密集书库/ [索取号:R33-33/89] 在馆    
唐山师范学院图书馆 欢迎您!
大连网信软件有限公司© 版权所有